| 000 | 00712nac a22001931u 4500 | ||
|---|---|---|---|
| 008 | 090705t xxu||||| |||| 00| 0 eng d | ||
| 010 | _a 77090500 | ||
| 082 | 0 | 0 |
_a621.315 _bMUL _222 |
| 100 |
_aMullin, William F., _97487 |
||
| 245 | 1 | 0 |
_aABC's of Capacitors / _cby William F. Mullin. |
| 260 |
_aIndianapolis : _bHoward W. Sams,1984 _cc1984. |
||
| 300 |
_a127 p. : _bill. ; _c22 cm. |
||
| 500 | _aIncludes index. | ||
| 500 | _aDistributer: Al-Ahram | ||
| 511 | _aCatalogued by: Sara | ||
| 650 | 0 |
_aCapacitors. _97488 |
|
| 942 |
_cBB _k621.315MUL _2ddc |
||
| 999 |
_c12181 _d12181 |
||